Harry Potter the Chamber of Quizzes! - Statistics

General Stats
  • This quiz has been taken 1,264 times
  • The average score is 13 of 15
Answer Stats
Hint Answer % Correct
Harry's owl is called...? Hedwig
98%
The famous alley where witches and wizards buy their magical possessions Diagon Alley
95%
Who is Professor of the Dark Arts in Harry's 3rd year? Lupin
93%
Harry lives at number____ Privet Drive 4
91%
The french girl in the TriWizard tournement is called? Fleur
88%
Name the missing Weasley child: Bill, Fred, George, Ron, Charlie, Ginny... Percy
88%
Wormtail can turn into what animal...? Rat
88%
Narcissa Malfoy's sister is...? Bellatrix
87%
Aunt Petunia is the sister of who...? Lily Potter
87%
Hermione's cat is called...? Crookshanks
86%
Voldemort's real name is? Tom Riddle
84%
What kind of beer is popular with the wizarding world? Butterbeer
83%
Harry's patronus is a...what? Stag
79%
Harry goes against what kind of Dragon in the Triwizard tournement? Hungarian Horntail
64%
Which country does J.K. Rowling live? Scotland
62%
No matching quizzes found
Score Distribution
Percent of People with Each Score
Percentile by Number Answered
Your Score History
You have not taken this quiz